Poésies de Schiller
Kaydedildi:
| Yazar: | |
|---|---|
| Materyal Türü: | Kitap |
| Dil: | Fransızca |
| Baskı/Yayın Bilgisi: |
París
Charpentier
1862
|
| Edisyon: | 1a. ed |
| Konular: | |
| Etiketler: |
Etiketle
Etiket eklenmemiş, İlk siz ekleyin!
|
MARC
| LEADER | 00000cam a2200000 a 4500 | ||
|---|---|---|---|
| 001 | UCE4832 | ||
| 003 | CL-VaPUC | ||
| 008 | 141113e18620000fr |||||||||||||||||fre|d | ||
| 082 | 0 | 4 | |a 831 |b MAR |2 21 |
| 100 | |a Marmier, Xavier |e autor |9 510686 | ||
| 245 | 1 | 0 | |a Poésies de Schiller |
| 250 | |a 1a. ed | ||
| 300 | |a 288 p | ||
| 942 | |c BK | ||
| 945 | |d 20141113 14:00:00 |a dcastane | ||
| 260 | |a París |b Charpentier |c 1862 | ||
| 650 | 7 | |a POESIAS ALEMANAS |2 CL-VaPUC |9 577319 | |
| 650 | 0 | |a Literatura alemana |9 265457 | |
| 583 | |a last modification |c 20141113 14:00:00 |k Rodrigo Vera | ||
| 999 | |c 357690 |d 357688 | ||
| 952 | |0 0 |1 0 |3 erd |4 0 |6 831_000000000000000_MAR_1862 |7 0 |8 X |9 465736 |a FDOBUD |b FDOBUD |i 5107210 |o 831 MAR 1862 |p 5107210 |r 2019-11-23 |w 2019-11-23 |y BK_X |z Catalogado en:20141113 |k BUD | ||